Manual of medical therapeutics. (Record no. 4000)

000 -LEADER
fixed length control field 01038cam a2200325 a 4500
003 - CONTROL NUMBER IDENTIFIER
control field OSt
005 - DATE AND TIME OF LATEST TRANSACTION
control field 20220224095559.0
008 - FIXED-LENGTH DATA ELEMENTS--GENERAL INFORMATION
fixed length control field 840213s1983 onc 001 0 eng d
020 ## - INTERNATIONAL STANDARD BOOK NUMBER
International Standard Book Number 0316923958 (spiral) :
040 ## - CATALOGING SOURCE
Transcribing agency ALUPE UNIVESITY
050 0# - LIBRARY OF CONGRESS CALL NUMBER
Classification number RM121
Item number .S7
090 ## - LOCALLY ASSIGNED LC-TYPE CALL NUMBER (OCLC); LOCAL CALL NUMBER (RLIN)
Classification number (OCLC) (R) ; Classification number, CALL (RLIN) (NR) 615.5 M12
245 00 - TITLE STATEMENT
Title Manual of medical therapeutics.
250 ## - EDITION STATEMENT
Edition statement 24th edition /
Remainder of edition statement Department of Medicine, Washington University School of Medicine / J. William Campbell, Mark Frisse editors.
260 ## - PUBLICATION, DISTRIBUTION, ETC.
Place of publication, distribution, etc. Bosston, [Mass.] ;
-- Toronto :
Name of publisher, distributor, etc. Little, Brown,
Date of publication, distribution, etc. c1983.
300 ## - PHYSICAL DESCRIPTION
Extent vii, 469 pages ;
Dimensions 22 cm.
336 ## - CONTENT TYPE
Content type term text
Content type code txt
Source rdacontent
337 ## - MEDIA TYPE
Media type term unmediated
Media type code n
Source rdamedia
338 ## - CARRIER TYPE
Carrier type term volume
Carrier type code nc
Source rdacarrier
500 ## - GENERAL NOTE
General note Previous ed.: 1980.
504 ## - BIBLIOGRAPHY, ETC. NOTE
Bibliography, etc. note Includes index.
650 #0 - SUBJECT ADDED ENTRY--TOPICAL TERM
Topical term or geographic name entry element Therapeutics.
700 1# - ADDED ENTRY--PERSONAL NAME
Personal name Campbell, J. William.
700 1# - ADDED ENTRY--PERSONAL NAME
Personal name Frisse, Mark.
710 2# - ADDED ENTRY--CORPORATE NAME
Corporate name or jurisdiction name as entry element University of Washington.
Subordinate unit Dept. of Medicine.
901 ## - LOCAL DATA ELEMENT A, LDA (RLIN)
a 0557-80760
906 ## - LOCAL DATA ELEMENT F, LDF (RLIN)
a TRLS:0:3
942 ## - ADDED ENTRY ELEMENTS (KOHA)
Source of classification or shelving scheme
Koha item type Book
Suppress in OPAC JO
948 ## - LOCAL PROCESSING INFORMATION (OCLC); SERIES PART DESIGNATOR (RLIN)
Series part designator, SPT (RLIN) 27/06/1999
b (OCLC) 04/05/2005
Holdings
Withdrawn status Lost status Source of classification or shelving scheme Damaged status Not for loan Permanent Location Current Location Shelving location Date acquired Source of acquisition Total Checkouts Full call number Barcode Date last seen Price effective from Koha item type Public note
          AU LIBRARY AU LIBRARY Open Shelf 24.02.2022 DONATION FROM MOI UNIVERSITY   RM121 .S7 1983 28005686 07.06.2022 24.02.2022 Book JO

Powered by Koha